00487nam a2200133 a 450000100100000000500170001000800410002704000250006808200150009311100970010824500630020526000640026830000210033200003102420200930062645.0110610s1940 dr 000 0 spa d aDO-SdBNPbspacBNPHU axxxbS444i1 aReunión interamericana de los paises del Cariben(2a. :d31-6 may.- jun. :cSanto Domingo)10aSegunda reunión interamericana de los paises del Caribe. aCiudad Trujillo, República Dominicana :bMontalvo,c1940. a[6 p.] ;c25 cm.